Windows of opportunity: (Record no. 515573)

000 -LEADER
fixed length control field 00287nam a22000977a 4500
082 ## - DEWEY DECIMAL CLASSIFICATION NUMBER
Classification number TNC A99 K898
100 ## - MAIN ENTRY--PERSONAL NAME
Personal name Krishnaswamy, K. S.
9 (RLIN) 21254
245 ## - TITLE STATEMENT
Title Windows of opportunity:
Remainder of title Memoirs of an economic adviser
Statement of responsibility, etc by K. S. Krishnaswamy
260 ## - PUBLICATION, DISTRIBUTION, ETC. (IMPRINT)
Place of publication, distribution, etc Hyderabad
Name of publisher, distributor, etc Orient
Date of publication, distribution, etc 2010
300 ## - PHYSICAL DESCRIPTION
Extent 190p.
Holdings
Withdrawn status Lost status Source of classification or shelving scheme Damaged status Koha normalized classification for sorting Not for loan Permanent location Current location Date acquired Full call number Barcode Date last seen Price effective from Koha item type
        TNC_A99_K898   Indian Institute of Public Administration Indian Institute of Public Administration 2021-02-02 TNC A99 K898 GR22587 2021-02-02 2021-02-02 GR

Powered by Koha